[Event "Open NK"]
[Site "Dieren NED"]
[Date "2011.07.23"]
[Round "5"]
[White "Vovk, Andrey"]
[Black "Odendahl, Reiner"]
[Result "1/2-1/2"]
[WhiteTitle "GM"]
[BlackTitle "FM"]
[WhiteElo "2551"]
[BlackElo "2375"]
[WhiteFideId "14114470"]
[BlackFideId "4613570"]
[EventDate "2011.07.19"]

1. e4 c5 2. Nf3 Nc6 3. d4 cxd4 4. Nxd4 g6 5. Nc3 Bg7 6. Be3 Nf6 7. Bc4 d6 8. f3
Qb6 9. Nf5 Qxb2 10. Nxg7+ Kf8 11. Nd5 Nxd5 12. Bxd5 Kxg7 13. O-O Qc3 14. Qc1 h5
15. Rb1 h4 16. Rb3 Qa5 17. Qb2+ f6 18. Ra3 Qc7 19. h3 Bd7 20. f4 Rac8 21. Rc3
Qb8 22. Qa3 b5 23. Qb2 a5 1/2-1/2

[Event "Open NK"]
[Site "Dieren NED"]
[Date "2011.07.23"]
[Round "5"]
[White "Nijboer, Friso"]
[Black "Kuipers, Stefan"]
[Result "1-0"]
[WhiteTitle "GM"]
[BlackTitle "FM"]
[WhiteElo "2546"]
[BlackElo "2365"]
[WhiteFideId "1000063"]
[BlackFideId "1018400"]
[EventDate "2011.07.19"]

1. e4 e6 2. d4 d5 3. Nc3 Nf6 4. e5 Nfd7 5. f4 c5 6. Nf3 Nc6 7. Be3 cxd4 8. Nxd4
Qb6 9. Qd2 Qxb2 10. Rb1 Qa3 11. Bb5 Nxd4 12. Bxd4 a6 13. Bxd7+ Bxd7 14. Rb3 Qe7
15. Rxb7 Qh4+ 16. Bf2 Qd8 17. Bb6 Qh4+ 18. g3 Qh3 19. Rxd7 Kxd7 20. Nxd5 Rb8 21.
Nf6+ Kc6 22. Qc3+ Kxb6 23. Nd7+ Ka7 24. Nxb8 Qg2 25. Qc7+ Ka8 26. Qc6+ Qxc6 27.
Nxc6 Bc5 28. Kd1 h5 29. Na5 Rd8+ 30. Ke2 Rc8 31. Rb1 Rc7 32. c4 h4 33. Nb3 Bb4
34. Rc1 hxg3 35. hxg3 g5 36. Rc2 Kb7 37. Nc1 Be7 38. Nd3 gxf4 39. gxf4 Rc8 40.
Ke3 Kc6 41. Rb2 f5 42. c5 Bd8 43. Kd4 a5 44. Kc4 Bc7 45. Ne1 Rg8 46. Nf3 Rg4 47.
Nd4+ Kd7 48. c6+ Kc8 49. Rh2 Rxf4 50. Rh8+ Bd8 51. Kc5 1-0

[Event "Open NK"]
[Site "Dieren NED"]
[Date "2011.07.23"]
[Round "5"]
[White "Ly, Moulthun"]
[Black "Petrov, Marijan"]
[Result "1/2-1/2"]
[WhiteTitle "FM"]
[BlackTitle "GM"]
[WhiteElo "2369"]
[BlackElo "2534"]
[WhiteFideId "3204405"]
[BlackFideId "2901773"]
[EventDate "2011.07.19"]

1. e4 g6 2. d4 Bg7 3. Nc3 c6 4. Nf3 d6 5. g3 Bg4 6. Bg2 Qb6 7. Ne2 c5 8. c3 cxd4
9. Nexd4 Nc6 10. Nxc6 bxc6 11. O-O Qc7 12. Qa4 Bd7 13. Rd1 Nh6 14. e5 d5 15. Bg5
e6 16. c4 Ng8 17. Rac1 Qb7 18. Qa3 Bf8 19. Qc3 h6 20. Be3 Ne7 21. Nd4 a5 22. Nb3
Qb4 23. Bd2 Qxc3 24. Bxc3 a4 25. Nc5 Bc8 26. cxd5 Nxd5 27. Bd4 Bxc5 28. Bxc5 Ba6
29. Bd6 Kd7 30. Rd4 Bb5 31. h3 f5 32. Rc2 g5 33. Rc5 Ra7 34. a3 Rb7 35. Bf3 Ra8 1/2-1/2

[Event "Open NK"]
[Site "Dieren NED"]
[Date "2011.07.23"]
[Round "5"]
[White "Lenderman, Aleksandr"]
[Black "Lommers, Frank"]
[Result "1-0"]
[WhiteTitle "GM"]
[WhiteElo "2525"]
[BlackElo "2176"]
[WhiteFideId "2021285"]
[BlackFideId "1010107"]
[EventDate "2011.07.19"]

1. d4 Nf6 2. c4 c5 3. d5 b5 4. cxb5 a6 5. b6 d6 6. Nc3 g6 7. e4 Bg7 8. Nf3 O-O
9. Qb3 Bb7 10. Nd2 Nbd7 11. Nc4 a5 12. f3 Ba6 13. Na4 Bxc4 14. Bxc4 Rb8 15. b7
Ne5 16. Ba6 c4 17. Bxc4 Nxc4 18. Qxc4 Rxb7 19. Bd2 Qd7 20. Rc1 e6 21. dxe6 fxe6
22. Qc6 Qe7 23. O-O Nh5 24. Bc3 Bh6 25. Rce1 Bf4 26. g3 Rc7 27. Qb6 Rb7 28. Qf2
Qg5 29. Qg2 Be3+ 30. Kh1 Ba7 31. Rd1 Rbf7 32. b3 Bb8 33. Nb2 Nf6 34. Nc4 a4 35.
Bb4 axb3 36. axb3 Rd7 37. Qh3 Kf7 38. e5 Nd5 39. Rxd5 1-0

[Event "Open NK"]
[Site "Dieren NED"]
[Date "2011.07.23"]
[Round "5"]
[White "Goudriaan, Etienne"]
[Black "Milov, Leonid"]
[Result "0-1"]
[WhiteTitle "FM"]
[BlackTitle "IM"]
[WhiteElo "2283"]
[BlackElo "2515"]
[WhiteFideId "1021150"]
[BlackFideId "14101068"]
[EventDate "2011.07.19"]

1. e4 d5 2. exd5 Qxd5 3. Nc3 Qa5 4. d4 Nf6 5. Nf3 Bf5 6. Bc4 e6 7. Bd2 c6 8. Qe2
Bb4 9. a3 Nbd7 10. O-O-O Bxc3 11. Bxc3 Qc7 12. Bd2 b5 13. Bb3 Be4 14. g4 Bd5 15.
g5 Ne4 16. Bxd5 cxd5 17. Ne5 Nxe5 18. dxe5 O-O 19. f3 Nxd2 20. Rxd2 a5 21. Qe3
b4 22. f4 Rfc8 23. h4 bxa3 24. Qxa3 Qc4 25. Rf2 Rab8 26. Rh3 Qe4 27. Qe3 Qb4 28.
c3 d4 29. Qd2 Qa4 30. Kb1 dxc3 31. Rxc3 Rd8 32. Qe3 Rd1+ 33. Rc1 Rc8 34. Rxd1
Qxd1+ 35. Ka2 Rc1 36. b3 Ra1+ 37. Kb2 a4 38. Rc2 Rb1+ 39. Ka3 Qxc2 0-1

[Event "Open NK"]
[Site "Dieren NED"]
[Date "2011.07.23"]
[Round "5"]
[White "Vishnu Prasanna. V"]
[Black "Deepan Chakkravarthy J."]
[Result "1-0"]
[WhiteTitle "IM"]
[BlackTitle "GM"]
[WhiteElo "2340"]
[BlackElo "2470"]
[WhiteFideId "5030692"]
[BlackFideId "5011132"]
[EventDate "2011.07.19"]

1. e4 e5 2. Nf3 Nc6 3. Bb5 a6 4. Ba4 Nge7 5. O-O g6 6. c3 Bg7 7. d4 exd4 8. cxd4
b5 9. Bb3 O-O 10. Nc3 d6 11. Nd5 h6 12. Nxe7+ Nxe7 13. Re1 c5 14. h3 Bb7 15. Bc2
Qc7 16. Bf4 Qb6 17. Qd2 Kh7 18. Rad1 Rad8 19. d5 Ng8 20. b4 c4 21. Be3 Qc7 22.
Bd4 Nf6 23. a4 Qe7 24. Ra1 Ra8 25. Bc3 Rfe8 26. Ra3 Qd7 27. Qc1 Rec8 28. Qb2 Ne8
29. Bxg7 Nxg7 30. Nd4 Ne8 31. Rea1 Nc7 32. h4 Qg4 33. Rg3 Qd7 34. h5 Rg8 35.
hxg6+ fxg6 36. Nf3 Rg7 37. axb5 axb5 38. Rxa8 Bxa8 39. Qf6 Bb7 40. Rh3 Qe7 41.
Qf4 h5 42. Ng5+ Kg8 43. Ra3 Qf8 44. Qd2 Qf6 45. Bb1 Re7 46. Nf3 Bc8 47. Nd4 Bd7
48. Ra7 Be8 49. Ra3 Kh7 50. f4 Bd7 51. Nf3 Bg4 52. e5 dxe5 53. d6 Rd7 54. fxe5
Qg7 55. Ng5+ Kh8 56. Qf4 1-0

[Event "Open NK"]
[Site "Dieren NED"]
[Date "2011.07.23"]
[Round "5"]
[White "Hendriks, Willy"]
[Black "Sowray, Peter J"]
[Result "1-0"]
[WhiteTitle "IM"]
[BlackTitle "FM"]
[WhiteElo "2415"]
[BlackElo "2350"]
[WhiteFideId "1000713"]
[BlackFideId "400971"]
[EventDate "2011.07.19"]

1. e4 c5 2. Nf3 e6 3. c3 Nf6 4. e5 Nd5 5. Bc4 d6 6. d4 cxd4 7. cxd4 Nc6 8. O-O
Be7 9. exd6 Qxd6 10. Nc3 O-O 11. Re1 Rd8 12. Bb3 Nf6 13. Nb5 Qb4 14. a4 Qa5 15.
Bf4 Rd7 16. Ne5 Nxe5 17. Bxe5 a6 18. Nc3 b6 19. Qf3 Bb7 20. Qh3 Rad8 21. Re3 Qb4
22. Ne2 Bd5 23. Nf4 Bxb3 24. Rxb3 Qd2 25. Rf1 Ne8 26. Rxb6 Bf6 27. Qc3 Qxc3 28.
bxc3 Bxe5 29. dxe5 Rc7 30. Rxa6 Rxc3 31. g3 Ra3 32. Rb1 Ra2 33. Ra7 g5 34. Nh5
h6 35. Rbb7 g4 36. Kg2 Rdd2 37. Rxf7 Rxa4 38. Rxa4 Kxf7 39. Ra7+ Kg6 40. Nf4+
Kf5 41. Re7 1-0

[Event "Open NK"]
[Site "Dieren NED"]
[Date "2011.07.23"]
[Round "5"]
[White "Arnaudov, G. Petar"]
[Black "Smagin, Nikita"]
[Result "1-0"]
[WhiteTitle "IM"]
[WhiteElo "2439"]
[BlackElo "1977"]
[WhiteFideId "2907127"]
[BlackFideId "24149039"]
[EventDate "2011.07.19"]

1. Nf3 f5 2. d3 g6 3. e4 d6 4. exf5 Bxf5 5. d4 Bg7 6. Bd3 Qd7 7. O-O Nf6 8. Re1
Nc6 9. c3 Bxd3 10. Qxd3 O-O 11. Bg5 Qf5 12. Qd1 e5 13. dxe5 Nxe5 14. Nxe5 dxe5
15. Bxf6 Rxf6 16. f3 Rb6 17. Qe2 Rd8 18. Na3 Rbd6 19. Qc4+ Qf7 20. Re2 Rd1+ 21.
Rxd1 Rxd1+ 22. Kf2 Qxc4 23. Nxc4 Rd5 24. Ke3 Rc5 25. Kd3 Rd5+ 26. Ke4 c6 27. Ne3
Rd7 28. Nc4 Kf7 29. Rd2 Rxd2 30. Nxd2 Ke6 31. Nc4 b6 32. g4 Bf6 33. a4 h6 34. b3
Bg7 35. h4 Bf6 36. h5 g5 37. Nb2 Be7 38. Nd3 Bd6 39. c4 a5 40. c5 bxc5 41. Nb2
Bc7 42. Nc4 Kf6 43. Ke3 Ke6 44. Kd3 Kf6 45. Nd2 Ke6 46. Ne4 Bd6 47. Kc4 Be7 48.
Nxc5+ Kf6 49. Nb7 Bb4 50. Nd8 Bd2 51. Nxc6 Ke6 52. b4 axb4 53. Nxb4 e4 54. fxe4
Ke5 55. a5 Kxe4 56. a6 Be3 57. Nd5 Ba7 58. Nf6+ 1-0

[Event "Open NK"]
[Site "Dieren NED"]
[Date "2011.07.23"]
[Round "5"]
[White "Kampman, Tijmen"]
[Black "Van der Linden, Lucas"]
[Result "1/2-1/2"]
[WhiteElo "2111"]
[BlackElo "2275"]
[WhiteFideId "1009079"]
[BlackFideId "1008722"]
[EventDate "2011.07.19"]

1. e4 c5 2. c4 Nc6 3. Nc3 g6 4. g3 Bg7 5. Bg2 d6 6. Nge2 e6 7. O-O Nge7 8. d3
O-O 9. Be3 Nd4 10. Qd2 Bd7 11. Bh6 e5 12. Bxg7 Kxg7 13. f4 Nxe2+ 14. Nxe2 f6 15.
b4 Nc6 16. bxc5 dxc5 17. Nc3 Be6 18. Nd5 exf4 19. Qxf4 Ne5 20. Rad1 Bxd5 21.
exd5 Qd6 22. g4 Rae8 23. Rf2 b6 24. Qg3 Nf7 25. Qh4 Qe5 26. Rdf1 Ng5 27. Rd2
Qd4+ 28. Kh1 h5 29. Qg3 hxg4 30. Rdf2 Re3 31. Qc7+ Rf7 32. Qd8 Rxd3 33. Rf4 Qe5
34. Rxg4 Qe7 35. Qb8 Rf8 36. Qf4 Rd4 37. Qg3 Rxg4 38. Qxg4 Qe5 39. Qd7+ Rf7 40.
Qg4 Re7 41. Rd1 Nf7 42. Bf3 f5 43. Qg2 Nd6 44. Rg1 Qf6 45. Bh5 Kf8 46. Bxg6 Rg7
47. Qg3 f4 48. Qg5 Qxg5 49. Rxg5 Nf7 50. Rg1 Ne5 51. Be4 Rxg1+ 52. Kxg1 Nxc4 53.
Kf2 Ne5 54. d6 c4 55. Bf5 c3 56. h4 b5 57. h5 Nf7 58. d7 Ke7 59. Kf3 Nh6 60. Bc2
Kxd7 61. Kxf4 Ke7 62. Ke5 a5 63. Kd4 Kd6 64. Kxc3 Kc5 65. a3 1/2-1/2

[Event "Open NK"]
[Site "Dieren NED"]
[Date "2011.07.23"]
[Round "5"]
[White "Mostertman, Milan"]
[Black "Timmermans, Mark"]
[Result "1/2-1/2"]
[WhiteElo "2232"]
[BlackElo "2183"]
[WhiteFideId "1025848"]
[BlackFideId "1026399"]
[EventDate "2011.07.19"]

1. e4 e5 2. Nf3 Nc6 3. Bc4 Nf6 4. Ng5 d5 5. exd5 Na5 6. Bb5+ Bd7 7. Bxd7+ Qxd7
8. d3 Nxd5 9. O-O Nc6 10. Nf3 Bd6 11. Nbd2 O-O 12. Re1 Rae8 13. c3 Kh8 14. Nf1
f5 15. Qb3 1/2-1/2

[Event "Open NK"]
[Site "Dieren NED"]
[Date "2011.07.23"]
[Round "5"]
[White "Bus, Tom"]
[Black "Kollen, Zyon"]
[Result "1/2-1/2"]
[WhiteElo "2237"]
[BlackElo "2118"]
[WhiteFideId "1014374"]
[BlackFideId "1024256"]
[EventDate "2011.07.19"]

1. c4 Nf6 2. g3 g6 3. Bg2 Bg7 4. Nc3 O-O 5. e4 d6 6. Nge2 c5 7. O-O Nc6 8. d3
Rb8 9. h3 Nd7 10. Be3 a6 11. d4 b5 12. cxb5 axb5 13. dxc5 dxc5 14. f4 b4 15. Na4
Ba6 16. Rf2 Bxe2 17. Rxe2 Nd4 18. Rd2 e5 19. Rc1 Qa5 20. b3 Rfc8 1/2-1/2

[Event "Open NK"]
[Site "Dieren NED"]
[Date "2011.07.23"]
[Round "5"]
[White "Bakker, Guido"]
[Black "Vogel, Jaap"]
[Result "1/2-1/2"]
[BlackTitle "FM"]
[WhiteElo "2088"]
[BlackElo "2221"]
[WhiteFideId "1027875"]
[BlackFideId "1000764"]
[EventDate "2011.07.19"]

1. Nf3 Nf6 2. c4 e6 3. g3 d5 4. Bg2 c5 5. O-O Nc6 6. d4 dxc4 7. dxc5 Qxd1 8.
Rxd1 Bxc5 9. Nc3 Bd7 10. Bf4 Rc8 11. Rac1 a6 12. Ne5 Nxe5 13. Bxe5 Bc6 14. Bxf6
gxf6 15. Ne4 Bxe4 16. Bxe4 Rc7 17. Bxb7 Rxb7 18. Rxc4 Rxb2 19. Rxc5 O-O 20. Ra5
Rxe2 21. Rxa6 Rb8 22. a4 Rbb2 23. Rf1 Ra2 24. Kg2 Re4 25. a5 Rea4 26. Rb1 Rxa5
27. Rxa5 Rxa5 28. h3 Ra2 29. Rb4 f5 30. g4 Ra5 31. Rf4 Kg7 32. Kg3 Kf6 33. Rb4
fxg4 34. hxg4 h5 35. gxh5 Rxh5 36. f3 Rg5+ 37. Kf4 Ra5 38. Rc4 Kg6 39. Rc3 Ra4+
40. Ke3 Kf5 41. Rc2 e5 42. Rb2 f6 43. Rc2 Ra3+ 44. Kf2 Kg5 45. Rb2 f5 46. Rc2
Kf4 47. Rc4+ e4 48. fxe4 Ra2+ 49. Ke1 fxe4 50. Rc3 1/2-1/2

[Event "Open NK"]
[Site "Dieren NED"]
[Date "2011.07.23"]
[Round "5"]
[White "Wilgenhof, Otto"]
[Black "Van Foreest, Jorden"]
[Result "1-0"]
[WhiteElo "2210"]
[BlackElo "2097"]
[WhiteFideId "1002589"]
[BlackFideId "1039784"]
[EventDate "2011.07.19"]

1. d4 Nf6 2. Nf3 e6 3. c4 d5 4. Nc3 c6 5. Bg5 dxc4 6. e4 b5 7. e5 h6 8. Bh4 g5
9. Nxg5 hxg5 10. Bxg5 Nbd7 11. g3 Qb6 12. exf6 Bb7 13. Bg2 c5 14. d5 O-O-O 15.
O-O b4 16. Na4 Qb5 17. a3 exd5 18. axb4 cxb4 19. Qg4 Bd6 20. Be3 Be5 21. Bxa7 d4
22. Nb6+ Kc7 23. Nxc4 Bxg2 24. Kxg2 Qd5+ 25. f3 Rdg8 26. Nxe5 Rxg4 27. Nxg4 Kb7
28. Bxd4 Qxd4 29. Rad1 Qxb2+ 30. Rf2 Qb3 31. Rxd7+ Kb6 32. Ne5 Rc8 33. Rxf7 Rc1
34. Rd7 Qb1 35. Nd3 Rg1+ 36. Kh3 Qa1 37. Rb2 Qa5 38. Kg4 Qa8 39. Rxb4+ Kc6 40.
Ne5+ Kc5 41. Rc4+ Kb5 42. f7 Re1 43. Rf4 Qf8 44. Rd5+ Ka6 45. Ra4+ Kb7 46. Rb5+
Kc7 47. Ra7+ Kd6 48. Ra6+ 1-0

[Event "Open NK"]
[Site "Dieren NED"]
[Date "2011.07.23"]
[Round "5"]
[White "Beukema, Stefan"]
[Black "Vosselman, Jan"]
[Result "1-0"]
[WhiteElo "2209"]
[BlackElo "2112"]
[WhiteFideId "1024523"]
[BlackFideId "1002422"]
[EventDate "2011.07.19"]

1. e4 e5 2. Nf3 Nc6 3. d4 exd4 4. Nxd4 Nxd4 5. Qxd4 d6 6. Nc3 Nf6 7. Bg5 Be7 8.
Bd3 O-O 9. O-O c5 10. Qe3 Ng4 11. Bxe7 Qxe7 12. Qe2 Be6 13. f4 c4 14. Bxc4 Bxc4
15. Qxc4 Qh4 16. h3 Ne3 17. Qd3 Nxf1 18. Rxf1 Rad8 19. Nd5 Rfe8 20. Kh2 Rd7 21.
Qd4 Qd8 22. Rf3 Re6 23. f5 Re5 24. f6 g6 25. Rc3 h6 26. Qxa7 Rxd5 27. exd5 Qxf6
28. Qe3 Re7 29. Qxh6 Qe5+ 30. Kh1 Qe1+ 31. Kh2 Qe5+ 32. Rg3 Qxb2 33. h4 Qe5 34.
h5 Rc7 35. hxg6 f6 36. g7 1-0

[Event "Open NK"]
[Site "Dieren NED"]
[Date "2011.07.23"]
[Round "5"]
[White "Partenheimer, Axel"]
[Black "Offringa, Joost"]
[Result "1/2-1/2"]
[WhiteElo "2206"]
[BlackElo "2085"]
[WhiteFideId "4646703"]
[BlackFideId "1025880"]
[EventDate "2011.07.19"]

1. c4 e5 2. Nc3 Nc6 3. g3 f5 4. Bg2 Nf6 5. d3 Bb4 6. Bd2 d6 7. a3 Bxc3 8. Bxc3
O-O 9. b4 Qe8 10. b5 Nd8 11. Nh3 f4 12. Ng5 Qh5 13. Ne4 Bh3 14. Bf3 Bg4 15.
Nxf6+ Rxf6 16. Bxg4 Qxg4 17. f3 Qh3 18. gxf4 Qh4+ 19. Kd2 Qxf4+ 20. Kc2 d5 21.
cxd5 c6 22. dxc6 bxc6 23. Rb1 cxb5 24. Rb4 Qe3 25. Qd2 Qc5 26. Kb1 Nc6 27. Rb3
Rg6 28. Rc1 Rg1 29. Bb2 Rxc1+ 30. Qxc1 Qxc1+ 31. Kxc1 a6 32. Kd2 Re8 33. Rc3 Re6
34. Rc5 Kf7 35. Ke3 Rh6 36. Bxe5 Nxe5 37. Rxe5 Rxh2 38. Rc5 Rh6 39. Rc7+ Kf8 40.
Ra7 Re6+ 41. Kf2 h5 1/2-1/2

[Event "Open NK"]
[Site "Dieren NED"]
[Date "2011.07.23"]
[Round "5"]
[White "Wroblowski, Oliver"]
[Black "Swinkels, Maurice"]
[Result "1/2-1/2"]
[WhiteElo "2191"]
[BlackElo "2102"]
[WhiteFideId "24698679"]
[BlackFideId "1026305"]
[EventDate "2011.07.19"]

1. d4 Nf6 2. c4 e5 3. dxe5 Ng4 4. Nf3 Bc5 5. e3 Nc6 6. Bd2 Ngxe5 7. Bc3 Qe7 8.
Nbd2 Ng4 9. Qe2 O-O 10. h3 Nge5 11. Nxe5 Nxe5 12. Nf3 Nxf3+ 13. Qxf3 Bb4 14. Rc1
Bxc3+ 15. Rxc3 Qb4 16. Qe2 b6 17. Qc2 Bb7 18. Bd3 g6 19. a3 Qe7 20. O-O d6 21.
Rd1 Rfe8 22. Qe2 Qg5 23. Qg4 Qxg4 24. hxg4 Re5 25. Be2 Rae8 26. Kh2 f5 1/2-1/2

[Event "Open NK"]
[Site "Dieren NED"]
[Date "2011.07.23"]
[Round "5"]
[White "Oudshoorn, Arres"]
[Black "Hoogland, Dirk"]
[Result "1-0"]
[BlackTitle "CM"]
[WhiteElo "2007"]
[BlackElo "2181"]
[WhiteFideId "1036203"]
[BlackFideId "1012533"]
[EventDate "2011.07.19"]

1. e4 c5 2. Nf3 g6 3. d4 cxd4 4. Qxd4 Nf6 5. e5 Nc6 6. Qa4 Nd5 7. Qe4 Nc7 8. Nc3
Bg7 9. Bc4 b5 10. Bxb5 Nxb5 11. Nxb5 Qa5+ 12. Nc3 Rb8 13. O-O Bb7 14. Qe3 Nxe5
15. Nxe5 Qxe5 16. Qxa7 O-O 17. Qe3 Qf5 18. Qd3 Qe6 19. Rd1 Rfd8 20. f3 Ba6 21.
Qe4 Bxc3 22. Qxe6 dxe6 23. Rxd8+ Rxd8 24. bxc3 Rd1+ 25. Kf2 f6 26. a4 Kf7 27.
Ke3 Re1+ 28. Kd4 Re2 29. Ra3 Rxg2 30. Kc5 Rxh2 31. a5 Rh5+ 32. Kb6 Be2 33. a6
Rb5+ 34. Kc6 Rb8 35. Kc7 Ra8 36. a7 Bxf3 37. c4 Rg8 38. c5 Ba8 39. Rb3 e5 40.
Rb8 h5 41. Rxg8 Kxg8 42. Kd7 Kf7 43. c6 1-0

[Event "Open NK"]
[Site "Dieren NED"]
[Date "2011.07.23"]
[Round "5"]
[White "Hachijan, Armen"]
[Black "Vereggen, Lars"]
[Result "1-0"]
[WhiteElo "2165"]
[BlackElo "2036"]
[WhiteFideId "1028081"]
[BlackFideId "1029258"]
[EventDate "2011.07.19"]

1. e4 e5 2. Nf3 Nc6 3. Bb5 a6 4. Ba4 Nf6 5. O-O b5 6. Bb3 Be7 7. Qe2 Bb7 8. c3
O-O 9. d4 d6 10. Rd1 Qc8 11. Nbd2 Qg4 12. h3 Qc8 13. Nf1 Na5 14. Bc2 Re8 15. Ng3
g6 16. a4 exd4 17. axb5 axb5 18. Nxd4 c6 19. Bg5 Nc4 20. Rxa8 Bxa8 21. b3 Nb6
22. Qf3 Nbd7 23. Qf4 Qd8 24. h4 Ne5 25. Ra1 Nfd7 26. Bxe7 Qxe7 27. h5 Nf8 28.
Qd2 Ne6 29. Nxe6 Qxe6 30. Rd1 Rd8 31. f4 Ng4 32. Qe2 Nf6 33. e5 Nd5 34. f5 gxf5
35. Bxf5 Qh6 36. c4 Nf4 37. Qg4+ Kf8 38. Bxh7 Ne6 39. Qg8+ 1-0

[Event "Open NK"]
[Site "Dieren NED"]
[Date "2011.07.23"]
[Round "5"]
[White "Von Meijenfeldt, Bart"]
[Black "Maatman, Nick"]
[Result "1-0"]
[WhiteElo "2154"]
[BlackElo "1994"]
[WhiteFideId "1032259"]
[BlackFideId "1040391"]
[EventDate "2011.07.19"]

1. e4 e6 2. d4 d5 3. Nc3 Bb4 4. e5 c5 5. a3 Bxc3+ 6. bxc3 Ne7 7. Qg4 Qc7 8. Qxg7
Rg8 9. Qxh7 cxd4 10. Ne2 Nbc6 11. f4 dxc3 12. Qd3 d4 13. h4 b6 14. h5 Bb7 15.
Rg1 O-O-O 16. g4 Kb8 17. h6 Rh8 18. g5 Nf5 19. Bg2 Nce7 20. a4 Bxg2 21. Rxg2 Nd5
22. Rb1 Nde3 23. Rg1 Qc6 24. Bxe3 dxe3 25. Qa6 Qf3 26. Rf1 Qd5 27. Qd3 Qa2 28.
Nxc3 Qa3 29. Qc4 Rc8 30. Nb5 Rxc4 31. Nxa3 Rxa4 32. Nb5 Rc8 33. c3 Ra2 34. Nd6
Rxc3 35. Nxf5 exf5 36. Rh1 Rc8 37. h7 Rh8 38. Rh6 Ra4 39. e6 Rxf4 40. exf7 Rg4
41. Rg6 Kc7 42. Rg8 Rxh7 43. f8=Q Rh1+ 44. Ke2 Rxb1 45. Qc8+ Kd6 46. Rd8+ Ke5
47. Qc3+ Ke6 48. Qf6# 1-0

[Event "Open NK"]
[Site "Dieren NED"]
[Date "2011.07.23"]
[Round "5"]
[White "Beerdsen, Thomas"]
[Black "Merza, Morris"]
[Result "1/2-1/2"]
[WhiteElo "2009"]
[BlackElo "2145"]
[WhiteFideId "1030108"]
[BlackFideId "1027140"]
[EventDate "2011.07.19"]

1. e4 e6 2. d4 d5 3. Nc3 Nc6 4. Nf3 Nf6 5. Bg5 Be7 6. e5 Ne4 7. Bxe7 Qxe7 8. Nd2
Nxc3 9. bxc3 Qa3 10. Nb3 b6 11. Bb5 Bd7 12. O-O Nxe5 13. Be2 Ng6 14. Qd2 O-O 15.
f4 Ne7 16. Rae1 c5 17. dxc5 bxc5 18. c4 d4 1/2-1/2

[Event "Open NK"]
[Site "Dieren NED"]
[Date "2011.07.23"]
[Round "5"]
[White "Van Mierlo, Guido"]
[Black "Cox, Jan"]
[Result "1-0"]
[WhiteElo "2097"]
[BlackElo "1962"]
[WhiteFideId "1032453"]
[BlackFideId "1031384"]
[EventDate "2011.07.19"]

1. e4 e5 2. Bc4 Nf6 3. Nf3 Nc6 4. d3 Bc5 5. O-O O-O 6. Re1 d6 7. c3 h6 8. h3 Re8
9. Nbd2 Be6 10. Bb3 d5 11. Bc2 Qe7 12. Qe2 Rad8 13. Nf1 b5 14. Bb3 a5 15. exd5
Nxd5 16. Nxe5 Nxe5 17. Qxe5 Qh4 18. Qg3 Qf6 19. Bxd5 Rxd5 20. Bf4 Rf5 21. Re4
Rd8 22. d4 Bd5 23. Be5 Rxe5 24. Rxe5 Bd6 25. Ne3 Bxe5 26. dxe5 Qe6 27. Rd1 c6
28. f4 Re8 29. Nxd5 cxd5 30. Qd3 Rd8 31. Qxb5 d4 32. Rxd4 Rxd4 33. cxd4 Qxa2 34.
Qb8+ Kh7 35. Qb7 Qb1+ 36. Kh2 Qd3 37. Qxf7 Qxd4 38. Qf5+ Kh8 39. e6 Qd6 40. Qe4
Qe7 41. Qa8+ Kh7 42. Qxa5 Qxe6 43. Qe5 Qb6 44. Qe4+ Kh8 45. b4 Qb5 46. Qd4 Qb8
47. Qc4 g5 48. Qd4+ Kg8 49. Qd5+ Kh7 50. Qf5+ Kg8 51. Qg6+ 1-0

[Event "Open NK"]
[Site "Dieren NED"]
[Date "2011.07.23"]
[Round "5"]
[White "Van Meegen, Ruud"]
[Black "Jonker, Fred"]
[Result "1/2-1/2"]
[WhiteElo "1947"]
[BlackElo "2154"]
[WhiteFideId "1034995"]
[BlackFideId "1005260"]
[EventDate "2011.07.19"]

1. e4 e5 2. Nf3 Nc6 3. Bc4 Bc5 4. c3 Nf6 5. d3 d6 6. Nbd2 O-O 7. h3 a6 8. Bb3
Be6 9. O-O d5 10. Re1 Re8 11. exd5 Bxd5 12. Ne4 Be7 13. Bc2 Nxe4 14. dxe4 Be6
15. Be3 Qxd1 16. Raxd1 Rad8 17. Nd2 Na5 18. b4 Nc4 19. Nxc4 Bxc4 20. Bb3 Bxb3
21. axb3 g6 22. Kf1 Rxd1 1/2-1/2

[Event "Open NK"]
[Site "Dieren NED"]
[Date "2011.07.25"]
[Round "6"]
[White "Fier, Alexandr"]
[Black "L'Ami, Erwin"]
[Result "1/2-1/2"]
[WhiteTitle "GM"]
[BlackTitle "GM"]
[WhiteElo "2566"]
[BlackElo "2611"]
[WhiteFideId "2107139"]
[BlackFideId "1007998"]
[EventDate "2011.07.19"]

1. c4 Nf6 2. Nc3 c5 3. Nf3 Nc6 4. d4 cxd4 5. Nxd4 e6 6. g3 Qb6 7. Ndb5 Ne5 8.
Bg2 a6 9. Na3 Bxa3 10. bxa3 Nxc4 11. O-O d5 12. Bg5 h6 13. Bxf6 gxf6 14. e4 d4
15. Rb1 Qa7 16. Qa4+ b5 17. Nxb5 axb5 18. Qxb5+ Qd7 19. Qxc4 Ba6 20. Qb4 Bxf1
21. Bxf1 Qe7 22. Qxd4 O-O 23. Qe3 Kg7 24. Rb3 Rfd8 25. Qf3 Ra5 26. Bb5 Qc5 27.
a4 Ra7 28. Rd3 Rxd3 29. Qxd3 Qc1+ 30. Kg2 Qe1 31. Bc6 Rc7 32. Qb5 Qc3 33. Bb7
Rc5 34. Qb6 Qa5 35. Qxa5 Rxa5 36. Bc6 Rc5 37. Bb5 Kf8 38. h4 Rc2 39. g4 Rxa2 40.
Kg3 Ra3+ 41. f3 Ke7 42. Kf4 Rc3 43. Kg3 Kd6 44. Be8 Rc7 45. Kf4 e5+ 46. Kg3 Kc5
47. g5 fxg5 48. hxg5 hxg5 49. Kg4 Kd6 50. Kxg5 Ke6 51. Kg4 Rc8 52. Bb5 Rg8+ 53.
Kh4 Kd6 54. a5 Kc5 55. Bd7 f6 56. a6 Ra8 57. Kh5 Rxa6 58. Kg6 Kd6 59. Bg4 Ke7
60. Kg7 Rb6 61. Bf5 Rb2 62. Bg4 Rh2 63. Kg6 Rh8 64. Kg7 Rd8 65. Bf5 Rd6 66. Bg4
Rd1 67. Bf5 Rc1 68. Bg4 Rb1 69. Bf5 Rb7 70. Bg4 Ra7 71. Bf5 Rc7 72. Bg4 Rc5 73.
Bf5 Rc3 74. Bg4 Ra3 75. Kg6 Ra8 76. Kg7 Kd6 77. Kxf6 Rf8+ 78. Kg5 Kc5 79. Bh5
Kd4 80. Bg4 Ke3 81. Bh5 Rf4 82. Bg4 Rf8 1/2-1/2

[Event "Open NK"]
[Site "Dieren NED"]
[Date "2011.07.25"]
[Round "6"]
[White "Turov, Maxim"]
[Black "Radulski, Julian"]
[Result "1/2-1/2"]
[WhiteTitle "GM"]
[BlackTitle "GM"]
[WhiteElo "2630"]
[BlackElo "2556"]
[WhiteFideId "4120086"]
[BlackFideId "2901595"]
[EventDate "2011.07.19"]

1. d4 d5 2. c4 e6 3. Nf3 Be7 4. g3 f5 5. Bg2 Nf6 6. O-O O-O 7. b3 Nc6 8. Ba3
Bxa3 9. Nxa3 Qe7 10. Qc1 Bd7 11. Nc2 Be8 12. Nce1 Bh5 13. e3 a5 14. Nd3 Nb4 15.
Nde5 Bxf3 16. Nxf3 Ne4 17. Ne5 c6 18. a3 Na6 19. f3 Nf6 20. Qc3 Nc7 21. e4 fxe4
22. fxe4 dxe4 23. Qe3 Rad8 24. Rf4 Nce8 25. g4 Nd6 26. Raf1 Qc7 27. Bh3 c5 28.
g5 cxd4 29. Qg3 Nf5 30. Bxf5 exf5 31. Rxf5 Nd7 32. Rxf8+ Nxf8 33. Qf4 Re8 34. h4
e3 35. Nd3 Qxf4 36. Rxf4 Ne6 37. Re4 Kf7 38. Kf1 b6 39. Ne5+ Ke7 40. Nc6+ Kd6
41. Nxd4 Rf8+ 42. Ke2 Nc5 43. Nb5+ Kd7 44. Rd4+ Ke7 45. Kxe3 Nxb3 46. Rd6 Rb8
47. Rc6 Nc5 48. Rc7+ Kf8 49. Nd6 Rd8 50. Rc8 Rxc8 51. Nxc8 Na4 52. Kd4 Ke8 53.
Nd6+ 1/2-1/2